000 00667nam a22001817a 4500
005 20250425151138.0
010 _aHIN-129557
020 _c495.00
_a9788119133253
035 _aHN-101903
037 _bDBAD
082 _a
100 _aराम कठिन सिंह
_980895
245 _aपकवा- इनार के भूत /
_cराम कठिन सिंह
260 _aनई दिल्ली
_bलोकभारती प्रकाशन
_c2023
270 _a1-बी,दरियागंज
_bनई दिल्ली
300 _a160पृ.
_c21सेमी (सजिल्द )
942 _2ddc
_cHN
_h
_mरामक
999 _c211124
_d211124